000
00311nam a22001217a 4500
020
_a
0-85334-592-9
082
_a
621.89 WAL'M
100
_a
WALOWIT, J. A,ANMO, J. N
_9
76037
245
_a
MODERN DEVELOPMENTS IN LUBRICATION MECHANICS
260
_a
LONDON
_b
APPLIED SCIENCE
_c
1975
300
_a
244P
942
_c
BK
999
_c
581438
_d
581438